| 000 | 01806nab a2200253 a 4500 | ||
|---|---|---|---|
| 005 | 20210223132653.0 | ||
| 008 | 991125s1985 mx 000 0 spa u | ||
| 035 | _aUPN01000204288 | ||
| 049 | _aART | ||
| 100 | 1 |
_aColl Salvador, César _931896 |
|
| 100 | 1 | _uccoll@ub.edu | |
| 100 | 1 | _aEngel, Anna | |
| 100 | 1 | _uanna.engel@ub.edu | |
| 222 | 0 | _aCULTURA Y EDUCACION : REVISTA DE TEORIA, INVESTIGACION Y PRACTICA | |
| 245 | 0 | 0 | _aLos entornos personales de aprendizaje en contextos de educación formal |
| 260 | _aAbingdon, Reino Unido | ||
| 300 | _a617-630 | ||
| 362 | 0 | _a2014 Volumen 26, número 4, diciembre | |
| 520 | _aEste artículo introduce el monográfico sobre los Entornos Personales de Aprendizaje en contextos de educación formal y presenta seis trabajos que abordan, tanto desde el punto de vista teórico como empírico, el uso de estos entornos como espacios para el aprendizaje. Los seis trabajos contribuyen a la reflexión y el debate sobre los desafíos que el nuevo escenario derivado de la sociedad de la información plantea a la educación formal. El denominador común de los trabajos es la idea que, para hacer frente a estos desafíos, hacen falta nuevos enfoques y propuestas. En este contexto, los Entornos Personales de Aprendizaje se presentan como un planteamiento innovador que puede contribuir a transformar el aprendizaje y la enseñanza. Todos los artículos tienen como foco el diseño, construcción, apropiación y uso de los Entornos Personales de Aprendizaje, así como las posibilidades, limitaciones y dificultades de implementación de este tipo de entornos de aprendizaje en los contextos educativos formales | ||
| 653 | 0 | _aENTORNOS PERSONALES DE APRENDIZAJE | |
| 653 | 0 | _aEDUCACION FORMAL | |
| 653 | 0 | _aINNOVACION EDUCATIVA | |
| 905 | _aArticulo | ||
| 999 |
_c176389 _d176389 |
||